Los textos informativos : guía de escritura y estilo /
Obra eminentemente práctica sobre cómo redactar textos informativos (sí periodísticos, pero también de otros tipos) de acuerdo con la normatividad lingüística.
সংরক্ষণ করুন:
| প্রধান লেখক: | |
|---|---|
| বিন্যাস: | গ্রন্থ |
| ভাষা: | স্প্যানিশ |
| প্রকাশিত: |
Buenos Aires, Argentina :
La Crujía,
2004, c2004
|
| মালা: | (Inclusiones. Herramientas)
|
| বিষয়গুলি: | |
| ট্যাগগুলো: |
কোনো ট্যাগ নেই, প্রথমজন হিসাবে ট্যাগ করুন!
|
MARC
| LEADER | 00000nam^a2200000^a^4500 | ||
|---|---|---|---|
| 001 | 000170158 | ||
| 005 | 20250521000000.0 | ||
| 009 | 20260310101300.468 | ||
| 020 | |a 987-1004-64-8 | ||
| 037 | |a Acervo ITESO - Biblioteca | ||
| 041 | |a ESP | ||
| 082 | |a 808. 0461 |b GRI | ||
| 100 | |a Grillo, María del Carmen |e (autor) | ||
| 245 | 1 | 4 | |a Los textos informativos : |b guía de escritura y estilo / |c M.C. Grillo. |
| 264 | 4 | |a Buenos Aires, Argentina : |b La Crujía, |c 2004, c2004 | |
| 300 | |a 277 p. | ||
| 336 | |a texto |b txt |2 rdacontenido | ||
| 337 | |a sin mediación |b n |2 rdamedio | ||
| 338 | |a volumen |b nc |2 rdasoporte | ||
| 440 | 1 | |a (Inclusiones. |p Herramientas) | |
| 520 | |a Obra eminentemente práctica sobre cómo redactar textos informativos (sí periodísticos, pero también de otros tipos) de acuerdo con la normatividad lingüística. | ||
| 649 | |a XX | ||
| 650 | |a Periodismo | ||
| 650 | |a Español | ||
| 650 | |a Lenguaje y Lenguas | ||
| 650 | |a Estilo Literario | ||
| 650 | |a Redacción | ||
| 650 | |a Norma Lingüística | ||
| 650 | |a Lingüística Prescriptiva | ||
| 650 | |a Comunicación Escrita | ||
| 650 | |a Comunicación Masiva | ||
| 910 | |a Fondo General | ||
| 920 | |a Impresos - Libros | ||
| 930 | |a Colección General | ||
| 940 | |a Literatura | ||
| 905 | |a 101 | ||
| 901 | |a 0500107239 |b IT1 |c LIT |u 20250521 | ||
| 902 | |a https://opac.biblio.iteso.mx/vufind/Record/000170158 | ||